| 000 | 02126nam a22003857a 4500 | ||
|---|---|---|---|
| 003 | OSt | ||
| 005 | 20250414130832.0 | ||
| 007 | ta | ||
| 008 | 210217e2020 dr aoc|| e||| 00| 0 spa d | ||
| 020 | _a9789945096378 | ||
| 040 |
_aDO-SdBNP _bspa _cBNPHU |
||
| 041 | _hspa | ||
| 082 | 4 |
_bF634p _222 _a246.96 |
|
| 100 | 1 |
_aFlores Sasso, Virginia _977827 |
|
| 245 | 1 | 3 |
_aUn pueblo unido por la fe : espacios de devoción = A people united in faith : houses of worship = Un peuple uni par la foi : des espaces de dévotion / _b _cVirginia Flores Sasso , Esteban Prieto Vicioso ; fotografías Victor Siladi ; trad. al inglés, Amanda Livoti ; trad. al francés, Isabella Martínez Ascanio ; prólogo, Ramón Benito De la Rosa y Carpio , |
| 246 | _a Un peuple uni par la foi : des espaces de dévotion | ||
| 246 | _a A people united in faith : houses of worship | ||
| 260 |
_aSanto Domingo : _bPopular , _c2020 |
||
| 300 |
_a439 p. _bil. fots., retrs. ; _c30 cm. |
||
| 500 | _aTexto en español, inglés y francés | ||
| 504 | _aBibliografía : p. 424-236 | ||
| 505 | 1 |
_aPresentación : Banco Popular Dominicano. _tPrólogo : Monseñor Ramón Benito De la Rosa y Carpio -- _tAgradecimientos -- _tIntroducción -- _tLa llegada de la cruz. _tEspacios de devoción -- _tCatedrales católicas : origen e historia -- _tIglesias católicas -- _tMonasterios y conventos. _tOtros temas cristianos -- _tTraducción al inglés -- _tTraducción al francés -- _tNotas bibliográficas |
|
| 590 | _aInventariado, 2021/MFF | ||
| 650 | 4 |
_aArquitectura religiosa _977951 _zRepública Dominicana |
|
| 650 | 4 |
_aIglesias católicas _zRepública Dominicana _977952 |
|
| 650 | 0 |
_aCatedrales _xHistoria _977954 |
|
| 650 | 4 |
_aConventos _zRepública Dominicana _933917 |
|
| 700 | 1 |
_a Prieto Vicioso , Esteban _956663 |
|
| 700 | 1 |
_a Siladi , Victor , _efotografías _977828 |
|
| 700 | 1 |
_aLivoli , Amanda , _etrad. al inglés _977829 |
|
| 700 | 1 |
_aMartínez Ascanio, Isabella, _etrad. al francés _977830 |
|
| 700 | 1 |
_a Rosa y Carpio, Ramón Benito de la, _d1939- _eprólogo. _974159 |
|
| 910 | _aValidado. Control de calidad MFF | ||
| 942 |
_2ddc _cLBS1 |
||
| 999 |
_c49402 _d49402 |
||